|
|
|
|
| LEADER |
00000cas a2200000 a 4500 |
| 001 |
vtls008419300 |
| 003 |
SK-MaSNL |
| 005 |
20260228160928.0 |
| 008 |
051216d20002017xo qr|p 0 b0slo |
| 022 |
|
|
|a 1336-4294
|
| 035 |
|
|
|a (SVKBB03)vtls000200718
|
| 040 |
|
|
|a SVKPO
|b slo
|c SVKPO
|d SNK
|d SVKBB
|d SAVUK
|e AACR2
|
| 041 |
0 |
|
|a slo
|
| 044 |
|
|
|a xo
|c SK
|
| 072 |
|
|
|a 74
|x Kresba. Umelecké remeslá
|2 koncept
|
| 072 |
|
|
|a 677
|x Textilný priemysel
|2 koncept
|
| 080 |
|
|
|a 677.076.5
|2 2001
|
| 080 |
|
|
|a 746.2
|2 2001
|
| 080 |
|
|
|a 050
|2 2011
|
| 080 |
|
|
|a (051)-048.55
|2 2011
|
| 080 |
|
|
|a 746
|2 2011
|
| 210 |
0 |
|
|a Čipka
|
| 222 |
|
0 |
|a Čipka
|
| 245 |
0 |
0 |
|a Čipka
|b občasník zo sveta paličkovanej čipky
|
| 260 |
|
|
|a Prešov
|b [Jana Frajkorová]
|c 2000-2017
|
| 300 |
|
|
|a 16 zv.
|c 30 cm
|
| 310 |
|
|
|a 4x ročne
|
| 362 |
0 |
|
|a Roč. 1 (2000)-roč. 15, č. 3/4 (dec. 2014) ; roč. 16, č. 1/2 (jún 2016)-roč. 16/17, č. 4/1 (máj 2016/2017)
|
| 500 |
|
|
|a Zmena podnázvu: č. 1/2004-4/2004: štvrťročník zo sveta paličkovanej čipky; č. 1/2005-4/2006 : občasník zo sveta paličkovanej čipky; č. 1/2007-1/2017 : štvrťročník zo sveta paličkovanej čipky
|
| 500 |
|
|
|a Registračné č. MK SR: 2476/2001
|
| 500 |
|
|
|a Redaktorka: Jana Frajkorová
|
| 500 |
|
|
|a V r. 2015 časopis nevydali
|
| 515 |
|
|
|a Č. 4/2016 a č. 1/2017 majú uvedený roč. XVII./XVIII
|
| 650 |
0 |
7 |
|a čipkárstvo
|2 SNKPH
|9 18413
|
| 650 |
0 |
7 |
|a ručné práce
|2 SNKPH
|9 3095
|
| 650 |
0 |
7 |
|a čipka
|2 SNKPH
|9 93556
|
| 655 |
|
7 |
|a špecializované časopisy
|2 SNKPH
|9 70509
|
| 700 |
1 |
|
|a Frajkorová, Jana
|4 pbd
|9 267620
|
| 850 |
|
|
|a Štátna vedecká knižnica v Prešove
|
| 852 |
|
|
|a Štátna vedecká knižnica v Banskej Bystrici
|
| 910 |
|
|
|a snk
|
| 910 |
|
|
|a savuk
|
| 916 |
|
|
|a 2001-2013, 2014
|
| 999 |
|
|
|c 3933
|d 5863
|
| 952 |
|
|
|0 0
|1 0
|4 0
|7 0
|8 0
|a SNK
|b SNK
|d 2020-02-21
|i snk2020/4350
|l 0
|o snkČSB 5941/16/2016-2017
|p 17A1386838
|r 2026-02-21 19:31:15
|t č. 1-4/1
|w 2026-02-21
|y PREZ
|
| 952 |
|
|
|0 0
|1 0
|4 0
|7 0
|8 0
|a SNK
|b SNK
|d 2020-02-21
|i snk2020/4351
|l 0
|o snkČSB 5941/16/2016-2017 D1
|p 17A1386837
|r 2026-02-21 19:31:15
|t č. 1-4/1
|w 2026-02-21
|y PREZ
|
| 952 |
|
|
|0 0
|1 0
|4 0
|7 0
|8 0
|a SNK
|b SNK
|d 2014-12-16
|i snk2014/28012
|l 0
|o snkČSB 5941/2/2001 D1
|p 17A1095916
|r 2026-02-21 20:42:34
|t č. 1-4, neúplné
|w 2026-02-21
|y PREZ
|z chýba č. 1
|
| 952 |
|
|
|0 0
|1 0
|4 0
|7 0
|8 0
|a SNK
|b SNK
|d 2014-12-16
|f 1
|i snk2014/28013
|l 0
|o snkČSB 5941/3/2002
|p 17A1095917
|r 2026-02-21 20:42:34
|t č. 1-4, neúplné
|w 2026-02-21
|y PREZ
|z chýba č. 3
|
| 952 |
|
|
|0 0
|1 0
|4 0
|7 0
|8 0
|a SNK
|b SNK
|d 2014-12-16
|f 1
|i snk2014/28090
|l 0
|o snkČSB 5941/8/2007
|p 17A1095927
|r 2026-02-21 20:42:37
|t č. 1-4
|w 2026-02-21
|y PREZ
|
| 952 |
|
|
|0 0
|1 0
|4 0
|7 0
|8 0
|a SNK
|b SNK
|d 2014-12-16
|i snk2014/28091
|l 0
|o snkČSB 5941/8/2007 D1
|p 17A1095928
|r 2026-02-21 20:42:37
|t č. 1-4
|w 2026-02-21
|y PREZ
|
| 952 |
|
|
|0 0
|1 0
|4 0
|7 0
|8 0
|a SNK
|b SNK
|d 2014-12-16
|f 1
|i snk2014/28092
|l 0
|o snkČSB 5941/9/2008
|p 17A1095929
|r 2026-02-21 20:42:37
|t č. 1-4
|w 2026-02-21
|y PREZ
|
| 952 |
|
|
|0 0
|1 0
|4 0
|7 0
|8 0
|a SNK
|b SNK
|d 2014-12-16
|i snk2014/28093
|l 0
|o snkČSB 5941/9/2008 D1
|p 17A1095930
|r 2026-02-21 20:42:37
|t č. 1-4
|w 2026-02-21
|y PREZ
|
| 952 |
|
|
|0 0
|1 0
|4 0
|7 0
|8 0
|a SNK
|b SNK
|d 2014-12-16
|f 1
|i snk2014/28094
|l 0
|o snkČSB 5941/10/2009
|p 17A1095931
|r 2026-02-21 20:42:37
|t č. 1-4, neúplné
|w 2026-02-21
|y PREZ
|z chýba č. 3
|
| 952 |
|
|
|0 0
|1 0
|4 0
|7 0
|8 0
|a SNK
|b SNK
|d 2014-12-16
|i snk2014/28095
|l 0
|o snkČSB 5941/10/2009 D1
|p 17A1095932
|r 2026-02-21 20:42:37
|t č. 1-4, neúplné
|w 2026-02-21
|y PREZ
|z chýba č. 3
|
| 952 |
|
|
|0 0
|1 0
|4 0
|7 0
|8 0
|a SNK
|b SNK
|d 2014-12-16
|f 1
|i snk2014/28097
|l 0
|o snkČSB 5941/11/2010
|p 17A1095933
|r 2026-02-21 20:42:37
|t č. 1-4
|w 2026-02-21
|y PREZ
|
| 952 |
|
|
|0 0
|1 0
|4 0
|7 0
|8 0
|a SNK
|b SNK
|d 2014-12-16
|i snk2014/28100
|l 0
|o snkČSB 5941/11/2010 D1
|p 17A1095934
|r 2026-02-21 20:42:37
|t č. 1-4
|w 2026-02-21
|y PREZ
|
| 952 |
|
|
|0 0
|1 0
|4 0
|7 0
|8 0
|a SNK
|b SNK
|d 2014-12-16
|f 1
|i snk2014/28102
|l 0
|o snkČSB 5941/12/2011
|p 17A1095935
|r 2026-02-21 20:42:37
|t č. 1-3, neúplné
|w 2026-02-21
|y PREZ
|z chýba č. 3
|
| 952 |
|
|
|0 0
|1 0
|4 0
|7 0
|8 0
|a SNK
|b SNK
|d 2014-12-16
|i snk2014/28103
|l 0
|o snkČSB 5941/12/2011 D1
|p 17A1095936
|r 2026-02-21 20:42:37
|t č. 1-3, neúplné
|w 2026-02-21
|y PREZ
|z chýba č. 3
|
| 952 |
|
|
|0 0
|1 0
|4 0
|7 0
|8 0
|a SNK
|b SNK
|d 2014-12-16
|f 1
|i snk2014/28104
|l 0
|o snkČSB 5941/13/2012
|p 17A1095937
|r 2026-02-21 20:42:37
|t č. 1-4
|w 2026-02-21
|y PREZ
|
| 952 |
|
|
|0 0
|1 0
|4 0
|7 0
|8 0
|a SNK
|b SNK
|d 2014-12-16
|i snk2014/28105
|l 0
|o snkČSB 5941/13/2012 D1
|p 17A1095938
|r 2026-02-21 20:42:38
|t č. 1-4
|w 2026-02-21
|y PREZ
|
| 952 |
|
|
|0 0
|1 0
|4 0
|7 0
|8 0
|a SNK
|b SNK
|d 2014-12-16
|f 1
|i snk2014/28108
|l 0
|o snkČSB 5941/14/2013
|p 17A1095939
|r 2026-02-21 20:42:38
|t č. 1-4, neúplné
|w 2026-02-21
|y PREZ
|z chýba č. 2
|
| 952 |
|
|
|0 0
|1 0
|4 0
|7 0
|8 0
|a SNK
|b SNK
|d 2014-12-16
|i snk2014/28109
|l 0
|o snkČSB 5941/14/2013 D1
|p 17A1095940
|r 2026-02-21 20:42:38
|t č. 1-4, neúplné
|w 2026-02-21
|y PREZ
|z chýba č. 2
|
| 952 |
|
|
|0 0
|1 0
|4 0
|7 0
|8 0
|a SNK
|b SNK
|d 2014-12-16
|i snk2014/28016
|l 0
|o snkČSB 5941/3/2002 D1
|p 17A1095918
|r 2026-02-21 20:42:39
|t č. 1-4, neúplné
|w 2026-02-21
|y PREZ
|z chýba č. 3
|
| 952 |
|
|
|0 0
|1 0
|4 0
|7 0
|8 0
|a SNK
|b SNK
|d 2014-12-16
|f 1
|i snk2014/28028
|l 0
|o snkČSB 5941/4/2003
|p 17A1095919
|r 2026-02-21 20:42:39
|t č. 1-4
|w 2026-02-21
|y PREZ
|
| 952 |
|
|
|0 0
|1 0
|4 0
|7 0
|8 0
|a SNK
|b SNK
|d 2014-12-16
|i snk2014/28029
|l 0
|o snkČSB 5941/4/2003 D1
|p 17A1095920
|r 2026-02-21 20:42:39
|t č. 1-4
|w 2026-02-21
|y PREZ
|
| 952 |
|
|
|0 0
|1 0
|4 0
|7 0
|8 0
|a SNK
|b SNK
|d 2014-12-16
|f 1
|i snk2014/28032
|l 0
|o snkČSB 5941/5/2004
|p 17A1095921
|r 2026-02-21 20:42:39
|t č. 1-4
|w 2026-02-21
|y PREZ
|
| 952 |
|
|
|0 0
|1 0
|4 0
|7 0
|8 0
|a SNK
|b SNK
|d 2014-12-16
|i snk2014/28047
|l 0
|o snkČSB 5941/5/2004 D1
|p 17A1095922
|r 2026-02-21 20:42:39
|t č. 1-4
|w 2026-02-21
|y PREZ
|
| 952 |
|
|
|0 0
|1 0
|4 0
|7 0
|8 0
|a SNK
|b SNK
|d 2014-12-16
|f 1
|i snk2014/28050
|l 0
|o snkČSB 5941/6/2005
|p 17A1095923
|r 2026-02-21 20:42:39
|t č. 1-4
|w 2026-02-21
|y PREZ
|
| 952 |
|
|
|0 0
|1 0
|4 0
|7 0
|8 0
|a SNK
|b SNK
|d 2014-12-16
|f 1
|i snk2014/28009
|l 0
|o snkČSB 5941/2/2001
|p 17A1095915
|r 2026-02-21 20:42:40
|t č. 1-4, neúplné
|w 2026-02-21
|y PREZ
|z chýba č. 1
|
| 952 |
|
|
|0 0
|1 0
|4 0
|7 0
|8 0
|a SNK
|b SNK
|d 2014-12-16
|i snk2014/28052
|l 0
|o snkČSB 5941/6/2005 D1
|p 17A1095924
|r 2026-02-21 20:42:40
|t č. 1-4
|w 2026-02-21
|y PREZ
|
| 952 |
|
|
|0 0
|1 0
|4 0
|7 0
|8 0
|a SNK
|b SNK
|d 2014-12-16
|f 1
|i snk2014/28053
|l 0
|o snkČSB 5941/7/2006
|p 17A1095925
|r 2026-02-21 20:42:40
|t č. 1-4
|w 2026-02-21
|y PREZ
|
| 952 |
|
|
|0 0
|1 0
|4 0
|7 0
|8 0
|a SNK
|b SNK
|d 2014-12-16
|i snk2014/28056
|l 0
|o snkČSB 5941/7/2006 D1
|p 17A1095926
|r 2026-02-21 20:42:40
|t č. 1-4
|w 2026-02-21
|y PREZ
|
| 952 |
|
|
|0 0
|1 0
|4 0
|7 0
|8 0
|a SNK
|b SNK
|d 2017-03-22
|f 1
|i snk2017/7123
|l 0
|o snkČSB 5941/15/2014
|p 17A1148425
|r 2026-02-21 22:03:57
|t č. 1-4
|w 2026-02-21
|y PREZ
|
| 952 |
|
|
|0 0
|1 0
|4 0
|7 0
|8 0
|a SNK
|b SNK
|d 2017-03-22
|i snk2017/7124
|l 0
|o snkČSB 5941/15/2014 D1
|p 17A1148426
|r 2026-02-21 22:03:57
|t č. 1-4
|w 2026-02-21
|y PREZ
|